000 00512nam a22001811i 4500
001 000030691
003 RuMoIPM
005 20260601102616.0
008 130415s1954----ur | c rus
040 _aRuMoIPM
_brus
_ercr
041 0 _arus
080 _a511(07)
100 1 _aБрадис, Владимир Модестович
245 1 _aТеоретическая арифметика
_cВ. М. Брадис
260 _aМосква
_bУчпедгиз
_c1954
300 _a208 с.
_bил.
942 _cBK
999 _c30691
_d30691